[Event "National-chT China 2017"]
[Site "Beijing"]
[Date "2017.06.10"]
[Round "5"]
[White "Chu, Ruotong"]
[Black "Wang, Jue"]
[Result "*"]
[WhiteElo "2147"]
[BlackElo "2367"]
[Annotator "TA"]
[PlyCount "93"]
[EventDate "2017.??.??"]
[EventCountry "CHN"]
[SourceTitle "playchess.com"]
[Source "ChessBase"]
[SourceQuality "1"]

{[%evp 18,93,40,38,36,38,35,48,77,68,72,62,87,78,103,99,338,120,201,108,101,109,158,158,133,76,79,87,92,64,90,87,96,18,26,25,110,41,127,106,107,38,72,96,99,111,110,102,104,102,102,103,110,103,117,122,102,72,60,31,38,0,74,60,60,0,10,0,27,0,89,0,199,106,208,87,77,0]} 1. d4 d5 2. c4 e6 3. Nf3 c6 4. e3 Nf6 5. Bd3 Nbd7 6. Nbd2 Bd6 7. O-O O-O 8. e4 e5 9. cxd5 cxd5 10. Re1 Re8 {D05: Colle System with ...e6} 11. exd5 exd4 12. Ne4 (12. Rxe8+ Qxe8 13. Nc4 Bf8 14. Bf4 Nc5 15. d6 Bg4 16. h3 Nxd3 17. Qxd3 Bxf3 18. Qxf3 {½-½ (39) Wang,Y (2730)-Ding,L (2778) Danzhou 2016}) 12... Bb4 {White is slightly better.} 13. Nxf6+ Nxf6 14. Rxe8+ Qxe8 15. Qb3 ({Much weaker is} 15. Nxd4 Bg4 $11) 15... Ba5 16. Bg5 Nh5 $146 (16... Bg4 $16 {is a better defense.}) ({Predecessor:} 16... Qd8 17. Nxd4 Bb6 18. Nf3 {1-0 (36) Rau,H (2422)-Siebrecht,S (2463) Germany 2007}) 17. Nxd4 $2 (17. Qa3 $1 $18 {[%cal Ra3a5]} h6 18. Qxa5 hxg5 19. Nxg5) 17... Bb6 (17... h6 $16) 18. Be3 (18. Nf3 $18 Bd7 19. Qb4) 18... Bd7 $16 19. a4 Qe5 20. Nf3 Qd6 21. Nd2 (21. a5 $142 $1 {[%cal Ra5b6]} Bxe3 22. fxe3) 21... Bxe3 22. fxe3 b6 23. Rc1 Qh6 24. Nf1 Nf6 25. Rd1 (25. Rc7 $16) 25... Qh4 $11 26. Bb5 Bf5 (26... Bxb5 $11 27. axb5 Ne4) 27. Qc4 (27. d6 $16) 27... Qh5 (27... Qxc4 $1 $14 28. Bxc4 Bc2) 28. Qd4 $36 {[%mdl 2048] White has strong initiative.} Rd8 29. d6 (29. Ng3 $16 Qg4 30. Nxf5 Qxf5 31. d6) 29... Be6 30. Ng3 Qg5 31. Ne4 Nxe4 32. Qxe4 h5 33. h4 Qg3 34. d7 Qc7 35. b4 {[%cal Bb2b4,Bb4b5][%mdl 32]} g6 36. Bc6 Kf8 {[%cal Re6d7]} 37. b5 {Qb4+ is the strong threat.} Bxd7 38. Qb4+ Ke8 $1 39. Qe4+ (39. Rf1 $5 {[%cal Rb4d4]} Bxc6 40. Qc3 $11) 39... Kf8 40. Qd4 Ke7 $1 41. Qe4+ (41. Rf1 $5 {[%cal Rd4f6]} Bf5 42. Qb2 $11) 41... Kf8 42. Qb4+ (42. Qd3 $5 {[%cal Rc6d7]} Ke7 43. Qe4+ Kf8 $16) 42... Ke8 $1 43. Bd5 {aiming for Rf1.} Qe5 (43... Be6 $11 {remains equal.} 44. Bc6+ Bd7) 44. Rd4 (44. e4 $16) 44... f5 $2 (44... Qxe3+ $11 45. Kh2 Qe7) 45. Qb3 ({White should play} 45. Qd2 $1 $18) 45... Rc8 {[#]} (45... Be6 $16 {was called for.} 46. Bxe6 Rxd4 47. exd4 Qe1+ 48. Kh2 Qxh4+ 49. Qh3 Qxd4) 46. Bf7+ (46. Bc6 $1 $18 {[%mdl 512] is the precise move to win.} Rxc6 (46... Bxc6 47. bxc6) 47. bxc6 Bxc6 48. Kf2 (48. Qg8+ Ke7 $16)) 46... Ke7 47. Bc4 {Precision: White = 33%, Black = 40%.} (47. Bxg6 $16 Be6 48. Qa3+ Qc5 49. Qa1) *

[Event "National-chT China 2017"]
[Site "Beijing"]
[Date "2017.06.10"]
[Round "5"]
[White "Huang, Mofei"]
[Black "Zhang, Xiao"]
[Result "1-0"]
[WhiteElo "1885"]
[BlackElo "1913"]
[Annotator "NA RC"]
[PlyCount "105"]
[EventDate "2017.??.??"]
[EventCountry "CHN"]
[SourceTitle "playchess.com"]
[Source "ChessBase"]
[SourceQuality "1"]
[TimeControl "40/5400+30:1800+30"]

1. d4 d5 2. c4 dxc4 3. Nc3 Nc6 4. e3 Na5 {[#] D07: Queen's Gambit: Chigorin Defence} (4... Nf6 $14) (4... e5 5. Bxc4 exd4 6. exd4 Qxd4 7. Qe2+ Qe5 8. Be3 Bb4 9. Nf3 Qe7 10. O-O Nf6 11. Rfe1 O-O 12. Qc2 Bg4 13. Ng5 Qd7 14. Red1 {1-0 (51) Graf,A (2581)-Mann,C (2416) Germany 2017}) 5. Nf3 ({White must play} 5. Qa4+ $1 $18 c6 6. b4) 5... Nf6 (5... c5 $14) 6. Bxc4 Nxc4 7. Qa4+ c6 8. Qxc4 Bf5 9. O-O $146 ({Predecessor:} 9. Ne5 e6 10. f3 Be7 11. e4 Bg6 12. Be3 Nd7 13. Nxg6 hxg6 {½-½ (34) Markus,R (2185)-Bystrov,S (2255) Budapest 1997}) 9... e6 10. Re1 Be7 11. e4 Bg6 12. Ne5 Rc8 13. Nxg6 hxg6 14. Bf4 Nh5 (14... b5 $5 {[%cal Rb5c4]} 15. Qd3 b4 $11) 15. Be3 O-O 16. e5 Bg5 17. Qe2 f5 18. exf6 Bxe3 19. Qxe3 Rxf6 20. Ne4 Rf8 21. Nc5 Re8 22. Nxb7 Qd5 23. Qe4 Qxe4 24. Rxe4 Rb8 25. Nd6 Red8 26. Nc4 Nf6 27. Rxe6 Rxd4 28. Rxc6 Rbd8 29. h3 g5 30. Re1 g4 $18 31. hxg4 Rxg4 32. b3 Rf8 33. f3 Rg5 34. Re5 Rg6 35. Ra6 Rf7 36. Rd6 Kh7 37. Rd8 Rh6 38. Nd6 Rc7 39. Nc4 Rf7 40. Rd2 Rg6 41. Rde2 Rf8 42. Re7 Nd5 43. Rxa7 Nf4 44. Rd2 Re8 45. Kf1 Rh6 46. Kf2 Ree6 47. Ne3 Rh5 48. Ng4 Rh1 49. Ra4 g5 50. Re4 Ra6 51. Re1 Rh5 52. g3 Nh3+ 53. Kg2 1-0

[Event "National-chT China 2017"]
[Site "Beijing"]
[Date "2017.06.10"]
[Round "5"]
[White "Huang Bangbo"]
[Black "Shen, Chenyi"]
[Result "1/2-1/2"]
[WhiteElo "1708"]
[BlackElo "2039"]
[Annotator "NA RC"]
[PlyCount "58"]
[EventDate "2017.??.??"]
[EventCountry "CHN"]
[SourceTitle "playchess.com"]
[Source "ChessBase"]
[SourceQuality "1"]
[TimeControl "40/5400+30:1800+30"]

{[%evp 8,58,20,24,17,10,26,11,32767,32767,32767,32767,32767,32767,32767,32767,6,-22,-18,-2,0,0,13,0,11,32767,32767,32767,32767,32767,32767,32767,30,3,0,32767,32767,32767,32767,32767,32767,32767,0,0,0,0,0,0,0,0,0,0,0]} 1. e4 c5 2. c3 d5 3. exd5 Qxd5 4. d4 Nf6 5. Nf3 Bg4 6. Be2 e6 7. h3 Bh5 8. Be3 cxd4 9. cxd4 Nc6 10. Nc3 Qd6 11. O-O Be7 12. a3 O-O 13. Qb3 Rfd8 (13... Bxf3 $5 14. Bxf3 Nxd4 15. Bxd4 Qxd4 $11) 14. Rfd1 Rac8 (14... Na5 $5 {[%cal Ra5b3]} 15. Qa4 Nc6 $11) 15. Rac1 Qb8 {B22: Sicilian: 2 c3} 16. d5 exd5 17. Nxd5 Nxd5 18. Rxd5 Rxd5 (18... Bg6 19. Rcd1 Rxd5 20. Rxd5 Rd8 21. Rxd8+ Bxd8 22. Nd4 Nxd4 23. Bxd4 b6 24. Qc3 f6 25. Bc4+ {½-½ (25) Ringoir,T (2406)-Michiels,B (2451) Belgium 2009}) 19. Qxd5 Bg6 {LiveBook: 5 Games} 20. Ne5 Nxe5 21. Rxc8+ Qxc8 22. Qxe5 Bf6 23. Qd6 $146 ({Predecessor:} 23. Bg4 Bxe5 24. Bxc8 Bxb2 25. Bxb7 Bxa3 26. Bxa7 {½-½ (31) Bengtsson,J (1943)-Ivekovic,T (2122) Pune 2014}) 23... Bxb2 24. Bxa7 Qc1+ 25. Kh2 Bxa3 26. Qb8+ Bf8 27. Qxb7 Qf4+ 28. Kg1 Qc1+ 29. Kh2 Qf4+ $11 1/2-1/2

[Event "National-chT China 2017"]
[Site "Beijing"]
[Date "2017.06.11"]
[Round "6"]
[White "Yu, Yangyi"]
[Black "Zhou, Jianchao"]
[Result "1-0"]
[WhiteElo "2749"]
[BlackElo "2595"]
[Annotator "TA"]
[PlyCount "63"]
[EventDate "2017.??.??"]
[EventCountry "CHN"]
[SourceTitle "playchess.com"]
[Source "ChessBase"]
[SourceQuality "1"]

{[%evp 21,63,16,6,8,21,20,7,23,22,0,16,20,17,35,34,23,54,56,68,68,195,196,305,287,293,297,293,287,483,400,724,724,724,724,723,723,712,698,683,675,655,667,657,662]} 1. e4 c5 2. Nf3 d6 3. d4 cxd4 4. Nxd4 Nf6 5. Nc3 a6 6. Be3 e5 7. Nb3 Be6 8. Qd2 Nbd7 9. f3 h5 10. O-O-O Rc8 11. Kb1 Be7 12. Nd5 {B90: Sicilian Najdorf: Unusual White 6th moves, 6 Be3 Ng4 and 6 Be3 e5} (12. Bd3 Qc7 13. h3 h4 14. f4 b5 15. Rhe1 Bc4 16. fxe5 dxe5 17. Nd5 Nxd5 18. exd5 Bxd3 19. Qxd3 Qc4 {1-0 (27) Shirov,A (2683)-Delgado Ramirez,N (2615) Florianopolis 2017}) 12... Bxd5 13. exd5 Nb6 14. Bxb6 {The position is equal.} Qxb6 15. Bd3 Rc7 16. c4 {[#]} O-O $146 ({Predecessor:} 16... Nd7 17. Rhe1 Kd8 18. Re2 g6 19. g4 hxg4 20. fxg4 {½-½ (31) Mrkvicka,J (2513)-Hiltunen,R (2519) Czechia 2003}) 17. Rhe1 Bd8 18. g3 Re8 19. h3 {[%cal Bh2h3,Bh3g4,Bg4g5][%mdl 32]} Kf8 20. g4 hxg4 ({Black should try} 20... h4 $14) 21. hxg4 $18 (21. fxg4 e4 $15) 21... a5 (21... e4 {might work better.}) 22. c5 (22. Nxa5 e4 $16) (22. Qxa5 Qxa5 23. Nxa5 Rce7 $14) 22... Rxc5 23. Nxc5 Qxc5 24. Qh2 Bb6 $2 {[#]} (24... a4 {was called for.} 25. f4 a3 26. fxe5 Rxe5 27. Rxe5 dxe5 28. Qh8+ (28. Qxe5 Bc7 $16) 28... Ke7 29. Qxg7 Qd4 30. d6+ (30. bxa3 Qb6+ 31. Ka1 Qd4+ 32. Kb1 Qb6+ 33. Kc1 Qe3+ 34. Kb2 Qd4+ 35. Kb1 $11) 30... Qxd6) 25. g5 Nxd5 (25... Ng8 $142 26. g6 f6) 26. Qh8+ {White is clearly winning.} Ke7 27. Qxg7 Qb4 28. Bg6 Nc3+ 29. Ka1 Qc4 {[%csl Gc3][%cal Rc4a2] [#]} 30. Qf6+ Kf8 {[%csl Gc3][%cal Rc4a2]} 31. Bxf7 ({Stronger than} 31. bxc3 Qxc3+ 32. Kb1 Qb4+ 33. Ka1 Qc3+ 34. Kb1 Qb4+ 35. Ka1 Qc3+ $11) 31... Qxf7 32. Qxd6+ {Precision: White = 100%, Black = 33%.} ({Weaker is} 32. bxc3 Qxf6 33. gxf6 Bc5 $16) 1-0

[Event "National-chT China 2017"]
[Site "Beijing"]
[Date "2017.06.11"]
[Round "6"]
[White "Bu, Xiangzhi"]
[Black "Wei, Yi"]
[Result "1/2-1/2"]
[WhiteElo "2712"]
[BlackElo "2728"]
[Annotator "TA"]
[PlyCount "64"]
[EventDate "2017.??.??"]
[EventCountry "CHN"]
[SourceTitle "playchess.com"]
[Source "ChessBase"]
[SourceQuality "1"]

{[%evp 18,64,36,9,15,4,4,4,7,0,0,10,10,2,2,12,9,10,12,10,10,0,0,0,0,0,0,0,0,0,1,0,0,0,0,0,0,0,0,-4,-4,-10,14,0,0,0,0,0,0]} 1. d4 Nf6 2. Nf3 d5 3. c4 e6 4. Nc3 c5 5. e3 Nc6 6. a3 a6 7. dxc5 Bxc5 8. b4 Ba7 9. Bb2 O-O 10. Qc2 {LiveBook: 167 Games} Bd7 {The position is equal. D40: Queen's Gambit Declined: Semi-Tarrasch with 5 e3} 11. Be2 $146 ({Predecessor:} 11. Rd1 Rc8 12. cxd5 exd5 13. Be2 d4 14. exd4 Bg4 15. d5 Ne7 16. Qb1 Bf5 17. Bd3 Bg4 18. Be2 {1-0 (74) So,W (2770)-Caruana,F (2804) Leuven 2016}) 11... dxc4 12. Bxc4 Rc8 13. Ne4 Nxe4 14. Qxe4 {Black must now prevent Rd1.} Nd4 15. Ne5 Bb5 $132 {[%mdl 2048] Black is not keeping still} 16. Bxb5 Nxb5 17. O-O Qe7 18. Rad1 Rfd8 19. Nc4 Bd4 20. Bxd4 Rxc4 21. Bc5 Rxd1 22. Rxd1 Rxe4 23. Bxe7 $11 {[%cal Rd1d8][%mdl 4096] [#] Endgame KRB-KRN} h5 24. a4 Nc3 25. Rd8+ Kh7 26. Rd7 b6 27. Ra7 Rc4 {[#] And now ...Nb5! would win.} 28. h3 Nd5 29. Bd6 Rc6 30. e4 Rxd6 31. exd5 Rxd5 32. Rxa6 b5 $1 {Precision: White = 68%, Black = 91%.} 1/2-1/2

[Event "National-chT China 2017"]
[Site "Beijing"]
[Date "2017.06.11"]
[Round "6"]
[White "Wen, Yang"]
[Black "Yu, Ruiyuan"]
[Result "1-0"]
[WhiteElo "2617"]
[BlackElo "2510"]
[Annotator "TA"]
[PlyCount "57"]
[EventDate "2017.??.??"]
[EventCountry "CHN"]
[SourceTitle "playchess.com"]
[Source "ChessBase"]
[SourceQuality "1"]

{[%evp 15,57,19,18,8,26,31,30,28,31,31,35,36,91,62,150,150,149,155,155,149,151,146,137,138,138,149,158,137,157,167,150,150,186,188,324,291,385,300,304,284,367,364,341,267]} 1. d4 d5 2. c4 c6 3. cxd5 cxd5 4. Nc3 Nf6 5. Nf3 Nc6 6. Bf4 Bf5 7. e3 e6 8. Qb3 Bb4 9. Ne5 {[#] Nxc6 is the strong threat. D14: Slav Defence: Exchange variation with ...Bf5} Qe7 10. Bb5 Rc8 11. Nxc6 {White has an edge.} bxc6 12. Ba6 Rd8 13. O-O {[#]} Nh5 $146 (13... Bd6 $14) ({Predecessor:} 13... O-O 14. Ne2 Bd6 15. Qa4 Bxf4 16. Nxf4 e5 {1-0 (37) Morovic Fernandez,I (2580)-Ragger,M (2628) Khanty-Mansiysk 2010}) 14. Be5 f6 {[#]} (14... O-O $14) 15. Bc7 $1 $36 {[%cal Rc7d8][%mdl 2048] Keeping Black busy.} Qxc7 16. Qxb4 g5 17. Rac1 Kf7 18. Qc5 Qb6 19. Be2 Ng7 20. Na4 Qxc5 21. Rxc5 e5 22. dxe5 fxe5 23. Rxc6 Rc8 24. Ra6 d4 (24... Rc7 $142 25. Nc3 Rd8) 25. Rxa7+ $18 Kg6 26. Ra6+ Kf7 27. Nb6 Rc2 28. Bc4+ Be6 29. b3 {Precision: White = 93%, Black = 36%.} 1-0

[Event "National-chT China 2017"]
[Site "Beijing"]
[Date "2017.06.11"]
[Round "6"]
[White "Ju, Wenjun"]
[Black "Li, Chao b"]
[Result "0-1"]
[WhiteElo "2583"]
[BlackElo "2720"]
[Annotator "TA"]
[PlyCount "116"]
[EventDate "2017.??.??"]
[EventCountry "CHN"]
[SourceTitle "playchess.com"]
[Source "ChessBase"]
[SourceQuality "1"]

{[%evp 14,116,29,8,48,49,73,60,70,63,64,82,107,16,12,12,14,24,0,12,60,62,51,34,66,38,52,52,73,100,152,162,214,0,0,0,0,0,0,0,0,-23,-32,-37,-31,-69,-69,-69,-69,-69,-69,-71,-48,-71,0,-101,-54,-147,-143,-130,0,-105,-93,-139,-161,-128,-137,-187,-177,-218,-149,-298,-297,-297,-291,-296,-294,-290,-283,-487,-487,-487,-471,-5173,-5539,-5539,-2008,-8318,-6211,-29968,-29969,-29969,-29970,-29970,-29970,-29974,-29975,-29975,-29976,-29976,-29977,-29977,-29978,-29978,-29977]} 1. d4 Nf6 2. c4 b6 3. Nc3 Bb7 4. f3 d5 5. cxd5 Nxd5 6. e4 Nxc3 7. bxc3 e5 {A50: Queen's Fianchetto Defence (1 d4 Nf6 2 c4 b6)} 8. Be3 {LiveBook: 7 Games} Be7 $146 ({Predecessor:} 8... Nd7 9. Bd3 exd4 10. cxd4 Bb4+ 11. Kf2 O-O 12. Ne2 c5 13. Bb5 Qh4+ 14. g3 Qe7 15. Bxd7 Qxd7 16. dxc5 {½-½ (23) Taylor,M (2320)-Edouard,R (2628) Reading 2017}) 9. dxe5 Nd7 {White is slightly better.} 10. Qa4 $1 c6 11. Rd1 b5 12. Qb3 Qa5 13. f4 (13. e6 $16 fxe6 14. Ne2 (14. Qxe6 Qxc3+ 15. Bd2 Qf6 $11)) 13... O-O-O $11 14. Nf3 Nc5 15. Bxc5 Bxc5 16. Bd3 Rd7 17. Ke2 $36 {[%mdl 2048] White is pushing.} (17. Be2 $5 {[%cal Rd1d7]}) 17... Rhd8 18. Rhf1 ({Much weaker is} 18. Nd4 Bxd4 19. cxd4 Rxd4 $17) 18... h6 19. f5 Qc7 20. g3 a5 21. a4 bxa4 (21... Ba6 $142 22. axb5 cxb5) 22. Qxa4 $16 Qb6 (22... Ba7 {might work better.}) 23. Qc2 $2 ({Only move:} 23. e6 $1 $18 {[%cal Re6d7]} fxe6 24. fxe6) 23... Ba6 $1 $11 24. Bxa6+ Qxa6+ 25. c4 a4 26. Rxd7 Rxd7 27. Ra1 a3 28. Ra2 Rb7 29. e6 fxe6 30. fxe6 Re7 31. e5 Rxe6 32. Kf1 Re7 33. Kg2 Kc7 ({Black should play} 33... Bb4 $17) 34. Ra1 (34. Ne1 $11) 34... Qa5 35. Qd3 {[#]} (35. Rd1 $15) 35... Rd7 $1 $17 {[%cal Rd7d3]} 36. Qc2 Bb4 (36... Rd8 $17 37. e6 Be7) 37. Ra2 (37. e6 $11 Re7 38. Qe4) 37... Bc3 38. Qe4 Bb2 39. e6 Re7 40. Qf4+ Kb7 41. Nd4 Qb4 42. Qb8+ (42. h4 $17) 42... Kxb8 $19 43. Nxc6+ Kb7 44. Nxb4 Rxe6 {[%mdl 4096] Endgame KRB-KRN} 45. Kf3 {intending Nd3.} Rb6 46. Nd3 $2 (46. Nc2) 46... Rb3 47. Ke2 Kc6 48. Kd2 (48. Ne1 $142 Kc5 49. Nf3) 48... Rxd3+ 49. Kxd3 {KR-KB} Kc5 50. h4 {[#]} Kb4 $1 {[%cal Rb4b3]} 51. g4 Kb3 {Black mates.} 52. Rxa3+ Bxa3 {KB-K3P} 53. Kd4 Be7 54. h5 Kb4 55. Kd5 Bc5 56. Ke5 Kxc4 57. Kf5 Be7 58. Kg6 Bf6 {Precision: White = 35%, Black = 69%.} 0-1

[Event "National-chT China 2017"]
[Site "Beijing"]
[Date "2017.06.11"]
[Round "6"]
[White "Xiu, Deshun"]
[Black "Xu, Yi"]
[Result "1-0"]
[WhiteElo "2554"]
[BlackElo "2451"]
[Annotator "TA"]
[PlyCount "55"]
[EventDate "2017.??.??"]
[EventCountry "CHN"]
[SourceTitle "playchess.com"]
[Source "ChessBase"]
[SourceQuality "1"]

{[%evp 20,55,26,21,48,37,45,50,39,35,49,53,47,47,65,65,208,212,200,220,205,210,519,512,668,666,791,808,769,735,743,731,1349,1347,1125,1149,29992,29993]} 1. d4 Nf6 2. c4 e6 3. Nf3 d5 4. Nc3 Bb4 5. e3 O-O 6. Bd2 b6 7. Rc1 {E51: Nimzo-Indian: Rubinstein: 4...0-0 5 Nf3 d5} a6 8. cxd5 exd5 9. Bd3 Bb7 10. O-O Nbd7 11. Ne5 {LiveBook: 21 Games} Re8 $146 ({Predecessor:} 11... Bd6 12. f4 Ne4 13. Nxe4 dxe4 14. Bc4 Nf6 15. Qb3 Qe7 {1-0 (40) Riazantsev,A (2671)-Cheparinov,I (2689) Doha 2016}) 12. f4 c5 13. a3 Bxc3 14. Bxc3 c4 15. Bf5 Nf8 16. g4 $36 {[%cal Bg2g4,Bg4g5][%mdl 2080] White has good play.} b5 17. g5 Ne4 ({Black should try} 17... N6d7 $1 $14) 18. Bxe4 $1 $18 dxe4 19. Qh5 Bd5 20. f5 {[%cal Bf4f5,Bf5f6][%mdl 32]} Qb6 $2 (20... Ra7 {is tougher.} 21. f6 Rxe5) 21. Ng4 a5 22. f6 g6 23. Qh6 {[%csl Gf6][%cal Rh6g7] [#]} Ne6 24. Ne5 {Rf4! would kill now.} Qd6 25. Nd7 Ra7 26. Rf4 Qxf4 27. exf4 Rxd7 28. Re1 {Precision: White = 100%, Black = 24%.} 1-0

[Event "National-chT China 2017"]
[Site "Beijing"]
[Date "2017.06.11"]
[Round "6"]
[White "Xu, Jun"]
[Black "Zhao, Jun"]
[Result "1/2-1/2"]
[WhiteElo "2514"]
[BlackElo "2624"]
[Annotator "TA"]
[PlyCount "45"]
[EventDate "2017.??.??"]
[EventCountry "CHN"]
[SourceTitle "playchess.com"]
[Source "ChessBase"]
[SourceQuality "1"]

{[%evp 34,45,17,18,23,0,13,0,20,0,17,0,26,0]} 1. Nf3 Nf6 2. c4 g6 3. Nc3 Bg7 4. e4 d6 5. d4 O-O 6. Be2 e5 7. O-O exd4 8. Nxd4 Re8 9. f3 Nc6 10. Be3 Nh5 11. Qd2 Nxd4 12. Bxd4 Nf4 13. Rfd1 Bxd4+ 14. Qxd4 Nxe2+ {E94: King's Indian: Classical: 6 Be2 e5 7 0-0: Various Black 7th moves} 15. Nxe2 b6 16. Nc3 Bb7 17. Rac1 (17. Nd5 Bxd5 18. cxd5 Qg5 19. Rac1 Rac8 20. Qd2 Qe5 21. Qd4 Qg5 22. Qd2 Qe5 23. Qd4 Qg5 24. Qd2 {½-½ (24) Mamedyarov,S (2772)-Radjabov,T (2710) Shamkir 2017}) 17... Qg5 18. Qd2 {LiveBook: 4 Games} Qe5 {[#]} 19. Qd4 $146 ({Predecessor:} 19. Nd5 Bxd5 20. cxd5 Re7 21. Rc4 f5 22. Qc3 Qxc3 23. Rxc3 fxe4 {½-½ (47) Bluebaum,M (2511)-Guseinov,G (2623) Legnica 2013}) 19... Qg5 20. Qd2 Qe5 21. Qd4 Qg5 22. Qd2 Qe5 23. Qd4 1/2-1/2

[Event "National-chT China 2017"]
[Site "Beijing"]
[Date "2017.06.11"]
[Round "6"]
[White "Lin, Chen"]
[Black "Liu, Qingnan"]
[Result "1/2-1/2"]
[WhiteElo "2455"]
[BlackElo "2503"]
[Annotator "TA"]
[PlyCount "71"]
[EventDate "2017.??.??"]
[EventCountry "CHN"]
[SourceTitle "playchess.com"]
[Source "ChessBase"]
[SourceQuality "1"]

{[%evp 14,71,37,31,20,23,29,21,22,22,52,38,60,37,51,47,87,45,38,52,40,43,47,50,36,0,0,0,0,0,25,33,45,33,41,3,18,18,20,12,14,14,45,-20,0,0,0,0,0,-10,-8,-10,-16,-15,-14,-16,0,0,0,0]} 1. e4 d6 2. d4 g6 3. Nf3 Bg7 4. c3 Nf6 5. Bd3 O-O 6. O-O Nc6 7. d5 Nb8 {[%cal Bc6b8,Bb8a6,Ba6c5][%mdl 32]} 8. c4 Na6 {B07: Pirc Defence: Miscellaneous Systems} (8... a5 9. Nc3 Na6 10. h3 e5 11. dxe6 Bxe6 12. Be3 Re8 13. Rc1 Nb4 14. Nd4 Nxd3 15. Qxd3 Nd7 16. b3 {1-0 (34) Jakovenko,D (2713)-Rapport,R (2693) Achaia 2013}) 9. h3 Nc5 10. Nc3 Nh5 $146 ({Predecessor:} 10... e6 11. Be3 exd5 12. exd5 Nxd3 13. Qxd3 Bf5 14. Qd2 h5 15. Bh6 Re8 16. Bxg7 Kxg7 {1-0 (37) Nyland,T (2107)-Alam,M (2039) Budapest 2008}) 11. Bg5 h6 12. Be3 e5 13. dxe6 Bxe6 14. Rc1 g5 15. b4 Nxd3 16. Qxd3 f5 17. exf5 Bxf5 18. Qd5+ Kh8 19. g4 Bd7 {[#] aiming for ...Bc6.} 20. Nd4 ({Of course not} 20. gxh5 Bc6 $17) 20... Nf4 21. Bxf4 $1 gxf4 22. Nf3 $1 Bxc3 23. Rxc3 Qf6 24. Qd4 (24. Ra3 {feels hotter.} Qg7 25. Kh2 Bc6 26. Qd3 Rfe8 27. Rd1) 24... Qxd4 25. Nxd4 c5 26. Nb5 cxb4 27. Rd3 Be6 28. Nxd6 (28. Rd4 $14 Bg8 29. Rfd1 (29. Nxd6 Rad8 $14)) 28... Rad8 {The position is equal.} (28... b5 $5) 29. Rd4 Rd7 30. Re1 Bg8 31. Re2 b6 32. Red2 a5 {[%cal Ba7a5,Ba5a4,Ba4b3][%mdl 32]} 33. Kg2 a4 34. Kf3 b3 35. axb3 axb3 36. Ke4 {Precision: White = 64%, Black = 63%.} 1/2-1/2

[Event "National-chT China 2017"]
[Site "Beijing"]
[Date "2017.06.11"]
[Round "6"]
[White "Ni, Shiqun"]
[Black "Zhao, Xue"]
[Result "0-1"]
[WhiteElo "2436"]
[BlackElo "2490"]
[Annotator "TA"]
[PlyCount "148"]
[EventDate "2017.??.??"]
[EventCountry "CHN"]
[SourceTitle "playchess.com"]
[Source "ChessBase"]
[SourceQuality "1"]

{[%evp 22,148,34,34,34,34,73,45,50,40,49,54,60,62,62,35,108,36,79,83,106,114,89,102,375,89,99,0,0,0,0,-7,-7,-2,0,0,-14,-54,-56,-83,-43,-101,-28,-141,-17,-149,-149,-149,-149,-149,-149,-149,-149,-149,-146,-212,-217,-201,-202,-186,-146,-326,-329,-317,-264,-251,-265,-243,-241,-264,-240,-248,-203,-279,-268,-491,-357,-298,-308,-386,0,-332,-355,-372,-29,-114,0,-291,-306,-497,-506,-491,-490,-406,-449,-491,-487,-12834,-12834,-12829,-12833,-1646,-12829,-1145,-6498,-702,-1629,-3282,-2191,-1276,-1470,-12836,-12835,-12837,-12837,-12838,-12838,-12840,-12840,-12841,-12841,-12841,0,0,0,-12839,-12840,-12843,-12843]} 1. e4 c6 2. d4 d5 3. exd5 cxd5 4. Bd3 Nc6 5. c3 Nf6 6. Bf4 Bg4 7. Qb3 Qd7 8. Nd2 e6 9. Ngf3 Bxf3 10. Nxf3 Bd6 11. Bxd6 Qxd6 12. O-O Qc7 {B13: Caro-Kann: Exchange Variation and Panov-Botvinnik Attack} (12... O-O 13. Rfe1 {½-½ (14) Predojevic,B (2639)-Zelcic,R (2547) Rijeka 2010}) 13. Rfe1 O-O-O $146 ({Predecessor:} 13... O-O 14. Re2 Rab8 15. Rae1 Rfc8 16. Ne5 Nxe5 17. dxe5 Nd7 18. Qb4 Nf8 19. Qg4 b5 20. Re3 {½-½ (41) Palmi,H (2008)-Kunze,H (2109) Immenstadt 2009}) 14. Qa4 Kb8 {White is slightly better.} 15. b4 Ne8 16. Qb3 Nd6 17. a4 Rc8 18. a5 h6 (18... a6 $1 $14) 19. Reb1 (19. Qa4 $16) 19... g5 20. Qa3 g4 21. Nd2 $1 Ne7 22. b5 {And now b6 would win.} Ndf5 $2 {[%mdl 8192]} (22... Nef5 $16 {was worth a try.}) 23. Rc1 $2 (23. b6 $18 Qxc3 24. a6 Qxa3 25. Rxa3 axb6 26. axb7 (26. Rxb6 Rc7 $15) 26... Kxb7 27. Ba6+ Kc7 28. Bxc8 Rxc8 29. f3) 23... Qd6 24. Qxd6+ ({Better is} 24. Qb2 $16) 24... Nxd6 $11 25. Nb3 b6 26. Ra3 Rc7 {Threatens to win with ...Rhc8.} 27. axb6 axb6 28. Rca1 {Threatening mate with Ra8+.} Nec8 29. Nc1 Ra7 30. Kf1 Kb7 31. Ke2 (31. Ra6 $15) 31... Rg8 (31... Rxa3 $17 32. Rxa3 Nc4 33. Bxc4 dxc4) 32. Ke3 (32. Ra6 $11) 32... Rg5 (32... Rxa3 $17 33. Rxa3 Nc4+ 34. Bxc4 dxc4) 33. Ne2 (33. Ra6 $11 {keeps the balance.}) 33... Rxa3 $17 34. Rxa3 Nc4+ $1 35. Bxc4 dxc4 {[%mdl 4096] Endgame KRN-KRN} 36. Ra4 Nd6 37. Rb4 Kc7 ({Resist} 37... Rxb5 38. Rxb5 Nxb5 39. Ke4 $17) 38. Ng3 (38. f3 $17) 38... Rxb5 $19 39. Rxb5 Nxb5 {KN-KN} 40. Kd2 f5 41. f3 $2 (41. Nh5 $17) 41... gxf3 42. gxf3 Kd6 43. Ne2 Nc7 44. Nf4 e5 45. dxe5+ Kxe5 46. Ng6+ Kd6 47. Ke3 b5 48. Nh4 $2 (48. Kd4 {might work better.}) 48... Nd5+ 49. Kd4 Ne7 50. f4 Nc6+ 51. Ke3 Ke6 $1 52. Kd2 Na5 $2 (52... Ne7 $19 53. Ke3 Kd5) 53. Ke2 (53. Ke3 $11) 53... Nc6 $2 (53... h5 $17 54. Kf3 Nc6) 54. Kd2 Ne7 55. Ke3 $2 (55. Nf3 Kd5 56. Ke3) 55... Kd5 (55... Nd5+ $2 56. Kd4 $19) 56. Nf3 Kc5 57. Kd2 h5 58. Nh4 b4 59. cxb4+ (59. Nf3 $142 b3 60. Nd4) 59... Kxb4 60. Kc2 c3 61. Nf3 Nc6 (61... Kc4 $142 62. Ne5+ Kd4 63. Nf3+ Ke4) 62. Ne5 Nd4+ 63. Kd3 Nb5 $1 64. Nc6+ Kb3 65. Na5+ Ka3 66. h4 Kb4 67. Nc6+ Kb3 68. Na5+ {[#]} Ka3 $1 {[%cal Ra3b2]} 69. Nc4+ Kb4 70. Ne3 {[#]} Kb3 $1 71. Nc2 Kb2 $2 (71... Nc7 $19 72. Nd4+ Kb2) 72. Ne3 $11 Kb3 $2 {[%mdl 8192]} (72... Kb1 $11 73. Nc2 Kb2) 73. Nc2 $1 $19 Nc7 74. Ne3 Ne6 {Precision: White = 27%, Black = 56%.} 0-1